000 00354nam a2200157Ia 4500
003 Ost
005 20260225132555.0
008 260225s9999||||xx |||||||||||||| ||und||
040 _cfsic
041 _afre
082 _a440
100 _aJean Collet
_eAuteur
245 0 _aLe Cinéma de François Truffaut /
245 0 _cJean Collet
942 _cكتاب
999 _c34417
_d34417